000 00513nam a2200193Ia 4500
005 20230719085922.0
008 131103s9999 xx 000 0 und d
040 _aLoreto College
041 _aEnglish
082 _a994
_bCOL
245 _aAustralian Civilization
_b a symposium
_cedited by Peter Coleman
260 _aMelbourne
_bF.W.Cheshire
_c1962
300 _avii,247 p.
504 _aIncludes index
650 _aAustralia - History
700 _aColeman,Peter,ed.
850 _aLCLIB
942 _cBK
999 _c7952
_d58431